000 00636nam a2200241Ia 4500
003 OSt
005 20221007072913.0
006 a|||||r|||| 00| 0
007 ta
008 221006b |||||||| |||| 00| 0 eng d
024 _a25,148
037 _cTextual
040 _aFLL
_cFLL
_beng
041 _2eng
_aeng
082 _aZ3:93, F0
100 _aMaxwell Peter Benson
_9690696
245 0 _aInterpretation of statutes
250 _a6th
260 _aLondon
_bSweet And Maxwell Ltd. UK
_c1920
300 _aclxxi,790,31p
_ccm.
942 _hZ3:93, F0
_cTEXL
_2CC
999 _c1147235
_d1147235